000 00598nam a2200205Ii 4500
001 13255
003 CO-ViMGA
008 241108s9999||||xx |||||||||||||| ||und||
040 _aCO-ViMGA
_bspa
_erda
_cCO-ViMGA
041 0 _aspa
082 0 4 _aF.FC 309.143 - A76s
100 1 _aRaymond Aron
_951551
245 1 0 _aLa socialigía Alemana contemporanea
264 1 _aBuenos Aires, Argentina : Paidós, 1965
300 _avolumen
336 _atext
_btxt
_2rdacontent
337 _aunmediated
_bn
_2rdamedia
338 _avolume
_bnc
_2rdacarrier
940 _aidficha_siabuc: 12957. -- ficha_no_siabuc:13255
999 _c46280
_d46280